| 000 | 00736nam a22002177a 4500 | ||
|---|---|---|---|
| 999 |
_c9716 _d9716 |
||
| 003 | AR-CdUCM | ||
| 008 | 190328b ||||| |||| 00| 0 spa d | ||
| 040 |
_aMUNICIPALIDAD PROVINCIAL DEL CUSCO _cBIBLIOTECA MUNICIPAL DEL CUSCO |
||
| 082 |
_aC / 910 / _bF395 |
||
| 100 |
_aFerro, José Ignacio _926111 |
||
| 245 |
_aCuzco y Jerusalem : _bApuntes de viaje de Tierra Santa i Europa 1927 / |
||
| 260 |
_aCuzco : _bImpr. E.R. Pastor, _c1927. |
||
| 300 |
_a144 páginas ; _c16 cm. |
||
| 500 | _aLibro incompleto. falta la mitad de las hojas. | ||
| 505 | _aContenido: Viaje de Cusco a Jerusalem. | ||
| 650 |
_aViaje a europa _926112 |
||
| 650 |
_aHistoria del Cusco _91714 |
||
| 650 |
_aSiglo XX _98 |
||
| 942 |
_2ddc _cLIBROS |
||
| 945 | _adavv | ||